Čistenie odpadových vôd z povrchovej úpravy automobilových karosérií

Salvato in:
Dettagli Bibliografici
Autore principale: Fraňo, Lukáš, 1990- (Autore)
Altri autori: Dzianik, František, 1970- (Relatore della tesi)
Natura: Manoscritto Libro
Lingua:slovacco
Pubblicazione: Bratislava : STU v Bratislave SjF, 2012
Soggetti:
Accesso online:VAIS
Tags: Aggiungi Tag
Nessun Tag, puoi essere il primo ad aggiungerne!!

MARC

LEADER 00000ntm a22000003a 4500
001 stu264088
005 20150617230224.1
008 130313s2012----xo------------------slo-d
040 |a STU  |b slo 
041 0 |a slo 
044 |a xo 
100 1 |a Fraňo, Lukáš,  |d 1990-  |4 aut  |u J  |T SjF Strojnícka fakulta  |X 68083  |U J  |Y 20  |7 A000068083 
242 0 0 |a Sewage from the finish automobile bodies  |y eng 
245 1 |a Čistenie odpadových vôd z povrchovej úpravy automobilových karosérií 
260 |a Bratislava :  |b STU v Bratislave SjF,  |c 2012 
650 7 |a procesná a environmentálna technika  |2 stusub 
650 7 |a Process and Environmental Engineering  |2 estusub 
700 1 |a Dzianik, František,  |d 1970-  |4 ths  |u J0040  |U SjF Strojnícka fakulta  |T SjF Ústav chemických a hydraulických strojov a zariadení  |X 4665  |U J0040  |Y 807  |7 A000004665 
856 4 |a info a plný text  |u http://is.stuba.sk/zp/portal_zp.pl?podrobnosti=73903  |3 VAIS